Normal view
MARC view
Entry Personal Name
001 - CONTROL NUMBER
- control field: 23673
003 - CONTROL NUMBER IDENTIFIER
- control field: ARRUPE
005 - DATE AND TIME OF LATEST TRANSACTION
- control field: 20160412094403.0
008 - FIXED-LENGTH DATA ELEMENTS
- fixed length control field: 160412|| aca||aabn | a|a d
040 ## - CATALOGING SOURCE
- Original cataloging agency: ARRUPE
- Transcribing agency: ARRUPE
100 ## - HEADING--PERSONAL NAME
- Personal name: Parenzee, Donald,
- Dates associated with a name: 1948-
670 ## - SOURCE DATA FOUND
- Source citation: Work cat.: (ARRUPE)0: Parenzee, Donald, 1948-, Driven to work /, 1985.